Lucas' Spaceballs quiz - Statistics

General Stats
  • This quiz has been taken 213 times
  • The average score is 9 of 15
Answer Stats
Hint Answer % Correct
He is his own best friend Barf
89%
Hero of movie Lone Starr
84%
Sage of the Schwartz Yogurt
78%
Commander of Spaceball's imperious forces Dark Helmet
73%
What order is taken too literally in the desert scene Comb the desert
72%
Druish Princess Princess Vespa
64%
"What's the matter,____________? Chicken?" Colonel Sandurz
61%
Fastest speed of this ship Ludicrous speed
61%
Main ship of the Spaceballs Spaceball one
59%
Plays two roles in the movie Mel Brooks
55%
Plays the Mawg John Candy
51%
The robot Dot Matrix
50%
Leader of planet Spaceball President Skroob
46%
Leader of planet Druidia King Roland
36%
It's bumper sticker We brake for nobody
32%
No matching quizzes found
Score Distribution
Percent of People with Each Score
Percentile by Number Answered
Your Score History
You have not taken this quiz